000
00310 a2200145 4500
001
178539
020
_a
040
_c
Magnum
100
_a
Aroeira, Danilo
240
1
0
_a
Revista do magnito
_l
por
245
1
0
_a
Revista do magnito
362
0
_a
1899
697
_a
MAGNITO: I/AVENTURA, CRIANCAS
942
_c
BK
999
_c
178539
_d
178539